Advances on Mechanics, Design Engineering and Manufacturing II Proceedings of the International Joint Conference on Mechanics, Design Engineering & Advanced Manufacturing (JCM 2018) /

This book contains the papers presented at the International Joint Conference on Mechanics, Design Engineering and Advanced Manufacturing (JCM 2018), held on 20-22 June 2018 in Cartagena, Spain. It reports on cutting-edge topics in product design and manufacturing, such as industrial methods for int...

Full description

Bibliographic Details
Corporate Author: SpringerLink (Online service)
Other Authors: Cavas-Martínez, Francisco (Editor, http://id.loc.gov/vocabulary/relators/edt), Eynard, Benoit (Editor, http://id.loc.gov/vocabulary/relators/edt), Fernández Cañavate, Francisco J. (Editor, http://id.loc.gov/vocabulary/relators/edt), Fernández-Pacheco, Daniel G. (Editor, http://id.loc.gov/vocabulary/relators/edt), Morer, Paz (Editor, http://id.loc.gov/vocabulary/relators/edt), Nigrelli, Vincenzo (Editor, http://id.loc.gov/vocabulary/relators/edt)
Format: Electronic eBook
Language:English
Published: Cham : Springer International Publishing : Imprint: Springer, 2019.
Edition:1st ed. 2019.
Series:Lecture Notes in Mechanical Engineering,
Subjects:
Online Access:Full Text via HEAL-Link
LEADER 04463nam a2200649 4500
001 978-3-030-12346-8
003 DE-He213
005 20191026002453.0
007 cr nn 008mamaa
008 190427s2019 gw | s |||| 0|eng d
020 |a 9783030123468  |9 978-3-030-12346-8 
024 7 |a 10.1007/978-3-030-12346-8  |2 doi 
040 |d GrThAP 
050 4 |a TA174 
050 4 |a TA403.6 
072 7 |a TBD  |2 bicssc 
072 7 |a TEC016020  |2 bisacsh 
072 7 |a TBD  |2 thema 
082 0 4 |a 620.0042  |2 23 
245 1 0 |a Advances on Mechanics, Design Engineering and Manufacturing II  |h [electronic resource] :  |b Proceedings of the International Joint Conference on Mechanics, Design Engineering & Advanced Manufacturing (JCM 2018) /  |c edited by Francisco Cavas-Martínez, Benoit Eynard, Francisco J. Fernández Cañavate, Daniel G. Fernández-Pacheco, Paz Morer, Vincenzo Nigrelli. 
250 |a 1st ed. 2019. 
264 1 |a Cham :  |b Springer International Publishing :  |b Imprint: Springer,  |c 2019. 
300 |a XVIII, 824 p. 515 illus., 456 illus. in color.  |b online resource. 
336 |a text  |b txt  |2 rdacontent 
337 |a computer  |b c  |2 rdamedia 
338 |a online resource  |b cr  |2 rdacarrier 
347 |a text file  |b PDF  |2 rda 
490 1 |a Lecture Notes in Mechanical Engineering,  |x 2195-4356 
505 0 |a Product Design & Development -- Computer-Aided Design and Interactive Design -- Manufacturing and Industrial Process Design -- Graphical Bioengineering -- Innovation -- Teaching - Learning. 
520 |a This book contains the papers presented at the International Joint Conference on Mechanics, Design Engineering and Advanced Manufacturing (JCM 2018), held on 20-22 June 2018 in Cartagena, Spain. It reports on cutting-edge topics in product design and manufacturing, such as industrial methods for integrated product and process design; innovative design; and computer-aided design. Further topics covered include virtual simulation and reverse engineering; additive manufacturing; product manufacturing; engineering methods in medicine and education; representation techniques; and nautical, aeronautics and aerospace design and modeling. The book is divided into six main sections, reflecting the focus and primary themes of the conference. The contributions presented here will not only provide researchers, engineers and experts in a range of industrial engineering subfields with extensive information to support their daily work; they are also intended to stimulate new research directions, advanced applications of the methods discussed, and future interdisciplinary collaborations. 
650 0 |a Engineering design. 
650 0 |a Manufactures. 
650 0 |a Engineering economics. 
650 0 |a Engineering economy. 
650 0 |a Production management. 
650 0 |a Management. 
650 0 |a Industrial management. 
650 1 4 |a Engineering Design.  |0 http://scigraph.springernature.com/things/product-market-codes/T17020 
650 2 4 |a Manufacturing, Machines, Tools, Processes.  |0 http://scigraph.springernature.com/things/product-market-codes/T22050 
650 2 4 |a Engineering Economics, Organization, Logistics, Marketing.  |0 http://scigraph.springernature.com/things/product-market-codes/T22016 
650 2 4 |a Production.  |0 http://scigraph.springernature.com/things/product-market-codes/519010 
650 2 4 |a Innovation/Technology Management.  |0 http://scigraph.springernature.com/things/product-market-codes/518000 
700 1 |a Cavas-Martínez, Francisco.  |e editor.  |4 edt  |4 http://id.loc.gov/vocabulary/relators/edt 
700 1 |a Eynard, Benoit.  |e editor.  |4 edt  |4 http://id.loc.gov/vocabulary/relators/edt 
700 1 |a Fernández Cañavate, Francisco J.  |e editor.  |4 edt  |4 http://id.loc.gov/vocabulary/relators/edt 
700 1 |a Fernández-Pacheco, Daniel G.  |e editor.  |4 edt  |4 http://id.loc.gov/vocabulary/relators/edt 
700 1 |a Morer, Paz.  |e editor.  |4 edt  |4 http://id.loc.gov/vocabulary/relators/edt 
700 1 |a Nigrelli, Vincenzo.  |e editor.  |4 edt  |4 http://id.loc.gov/vocabulary/relators/edt 
710 2 |a SpringerLink (Online service) 
773 0 |t Springer eBooks 
776 0 8 |i Printed edition:  |z 9783030123451 
776 0 8 |i Printed edition:  |z 9783030123475 
776 0 8 |i Printed edition:  |z 9783030123482 
830 0 |a Lecture Notes in Mechanical Engineering,  |x 2195-4356 
856 4 0 |u https://doi.org/10.1007/978-3-030-12346-8  |z Full Text via HEAL-Link 
912 |a ZDB-2-ENG 
950 |a Engineering (Springer-11647)